Když se řekne komunitní práce
Saved in:
| Main Author | |
|---|---|
| Other Authors | |
| Format | Electronic eBook |
| Language | Czech |
| Published |
Karolinum
2026
|
| Edition | 1. elektronické vydání |
| Subjects | |
| Online Access | Dostupné v BOOKPORT po přihlášení pomocí eduID |
| ISBN | 978-80-246-6367-8 978-80-246-6347-0 |
| Physical Description | 1 online zdroj (152 stran) |
| LEADER | 00000nam a2200000 i 4500 | ||
|---|---|---|---|
| 001 | bkp456197931 | ||
| 003 | CZ-prgp | ||
| 005 | 20260521085843.0 | ||
| 006 | m o d | ||
| 007 | cr cn | ||
| 008 | 260521s2026 xr o 000 0 cze | ||
| 020 | |a 978-80-246-6367-8 |c 180 Kč |q (online ; pdf) | ||
| 020 | |a 978-80-246-6347-0 |c 260 Kč |q (print) | ||
| 040 | |a Grada |b cze |e rda | ||
| 100 | 1 | |a Jaroslava, Šťastná | |
| 245 | 1 | 0 | |a Když se řekne komunitní práce |c Šťastná Jaroslava, Hudcová Eliška |
| 250 | |a 1. elektronické vydání | ||
| 264 | 1 | |b Karolinum |c 2026 | |
| 300 | |a 1 online zdroj (152 stran) | ||
| 336 | |a text |b txt |2 rdacontent | ||
| 337 | |a počítač |b c |2 rdamedia | ||
| 338 | |a online zdroj |b cr |2 rdacarrier | ||
| 520 | 3 | |a Komunitní práce je úzce propojena se sociální prací, která má v českém prostředí dlouhou tradici. V posledních dekádách se rozšířily modely a postupy komunitní práce, využívané při řešení místních problémů i realizaci společných iniciativ. Publikace je určena sociálním pracovníkům, studentům, pracovníkům veřejné správy i široké veřejnosti. Od prvního vydání v roce 2016 došlo k dynamickému rozvoji - vznik komunitních center, škol, zahrad či komunitní energetiky. Nové vydání reflektuje tyto změny, aktualizuje statistická data a začleňuje současné koncepty (gentrifikace, antropocén, nerůst, digitalizace, vliv sociálních sítí) i nové organizační struktury (místní akční skupiny). Text druhého vydání rozšířil počet kapitol z 8 na 11 a zahrnuje i tradiční struktury s novými funkcemi (farnosti, obce). Publikace shrnuje principy a modely komunitní práce, její historický vývoj, specifika v českých zemích a soudobé přístupy ovlivněné dalšími obory: sociologií, veřejnou politikou, ekonomikou, urbanismem, environmentálními vědami a sociální antropologií. Zdůrazňuje propojení s komunitním rozvojem (vzdělávání, plánování, zapojování občanů, tvorba sociálního kapitálu). Nově obsahuje kapitoly o podpoře místního hospodářského života a roli urbanismu a architektury v kontextu komunitní práce. Závěr se věnuje trendům, možnostem zvyšování kvality života v lokalitách a příkladům dobré praxe z ČR i zahraničí. | |
| 650 | 0 | 4 | |a Sociologie |
| 700 | 1 | |a Hudcová Eliška | |
| 856 | 4 | 0 | |u https://www.bookport.cz/AccountSaml/SignIn/?idp=https://shibboleth.utb.cz/idp/shibboleth&returnUrl=/kniha/kdyz-se-rekne-komunitni-prace-16087/ |y Dostupné v BOOKPORT po přihlášení pomocí eduID |